Five Classical Plays (Record no. 4942)

000 -LEADER
fixed length control field 00501 a2200169 4500
020 ## - INTERNATIONAL STANDARD BOOK NUMBER
International Standard Book Number 1853267864
040 ## - CATALOGING SOURCE
Original cataloging agency DLC
Language of cataloging DLC
082 ## - DEWEY DECIMAL CLASSIFICATION NUMBER
Classification number 823.8
100 ## - MAIN ENTRY--PERSONAL NAME
Personal name Shakespeare, William.
245 ## - TITLE STATEMENT
Title Five Classical Plays
Statement of responsibility, etc. William Shakespeare
260 ## - PUBLICATION, DISTRIBUTION, ETC.
Place of publication, distribution, etc. Great Britain:
Name of publisher, distributor, etc. Wordsworth Editiion Ltd.,
Date of publication, distribution, etc. 1998.
300 ## - PHYSICAL DESCRIPTION
Extent 514 p. ;
Other physical details 20 cm.
440 ## - SERIES STATEMENT/ADDED ENTRY--TITLE
Title Wordsworth classics of world literature
500 ## - GENERAL NOTE
General note Includes Index
650 ## - SUBJECT ADDED ENTRY--TOPICAL TERM
Topical term or geographic name entry element Shakespeare, William, 1564-1616--biography
942 ## - ADDED ENTRY ELEMENTS (KOHA)
Koha item type Book
Call number prefix 823.8 SHA
Source of classification or shelving scheme
Holdings
Withdrawn status Lost status Damaged status Not for loan Collection code Permanent Location Current Location Shelving location Date acquired Source of acquisition Cost, normal purchase price Total Checkouts Full call number Barcode Date last seen Date last checked out Price effective from Koha item type
          Central Library (CL) Central Library (CL) Fiction 04/01/2004 Academic Book Company 265.50 2 823.8 SHA SEECS004294 02/14/2015 02/04/2015 01/05/2017 Book
© 2023 Central Library, National University of Sciences and Technology. All Rights Reserved.